| 000 | 00928nam a22003137a 4500 | ||
|---|---|---|---|
| 001 | BR9801778 | ||
| 003 | BR-BrBNA | ||
| 005 | 20230928095902.0 | ||
| 007 | ta | ||
| 008 | 230509b bl.||||| |||| 00| 0 por d | ||
| 040 |
_aBR-BrBNA _bpor _cBiblioteca Nacional de Agricultura |
||
| 041 | _a(Por) | ||
| 072 |
_aE21; E14 _b1160 _b1220 |
||
| 090 | _ 1160 BR9801778 | ||
| 110 | 1 | _aCentro Nacional de Pesquisa de Agroindustria Tropical, Fortaleza, CE (Brasil) | |
| 245 | 1 | _aAvancos tecnologicos na agroindustria tropical; relatorio de atividades 1994-1995 | |
| 260 | 3 |
_aFortaleza, CE (Brasil): _c1997. |
|
| 300 | _a122 p. | ||
| 650 | _aCaju | ||
| 650 | _aCastanha | ||
| 650 | _aProjeto Agricola | ||
| 650 | _aProjeto de Pesquisa | ||
| 650 | _aProjeto de Desenvolvimento | ||
| 650 | _aIndustria Agricola | ||
| 650 | _aDifusao de Tecnologia | ||
| 650 | _aCeara | ||
| 909 |
_a202309 _bLucia _c55 _dLucia Elande |
||
| 942 | _cBK | ||
| 999 |
_c59219 _d59219 |
||